Madrid ayer y hoy / (Record no. 16994)

MARC details
000 -LEADER
campo de control de longitud fija 00903nam a2200241 i 4500
001 - NÚMERO DE CONTROL
campo de control 16994
003 - IDENTIFICADOR DE NÚMERO DE CONTROL
campo de control ES-MaACL
005 - FECHA Y HORA DE LA ÚLTIMA TRANSACCIÓN
campo de control 20250704062539.0
007 - CAMPO FIJO DE DESCRIPCIÓN FÍSICA--INFORMACIÓN GENERAL
campo de control de longitud fija t|
008 - DATOS DE LONGITUD FIJA--INFORMACIÓN GENERAL
campo de control de longitud fija 001129s1998 sp ao |||| | spa d
080 ## - NÚMERO DE LA CLASIFICACIÓN DECIMAL UNIVERSAL
Número de la Clasificación Decimal Universal 914.602.7 M.(084.12)
100 1# - ENTRADA PRINCIPAL--NOMBRE DE PERSONA
Nombre de persona Suárez Rodríguez, Leonor.
9 (RLIN) 108656
245 10 - MENCIÓN DEL TÍTULO
Título Madrid ayer y hoy /
Mención de responsabilidad, etc. [coordinación y redacción, Leonor Suárez Rodríguez ; director de la obra, Javier Carrión García].
260 ## - PUBLICACIÓN, DISTRIBUCIÓN, ETC.
Lugar de publicación, distribución, etc. [Madrid] :
Nombre del editor, distribuidor, etc. Prensa Española,
Fecha de publicación, distribución, etc. [1998]
300 ## - DESCRIPCIÓN FÍSICA
Extensión 432 p. :
Otras características físicas il. col. y n., fot. ;
Dimensiones 29 cm.
505 8# - NOTA DE CONTENIDO CON FORMATO
Nota de contenido con formato Contiene: Ateneo Científico, Literario y Artístico de Madrid, p. 242-244
594 ## - Nota al título y mención de responsabilidad
Nota al título y mención de responsabilidad En port.: Blanco y negro, ABC, Canal de Isabel II.
610 24 - PUNTO DE ACCESO ADICIONAL DE MATERIA--NOMBRE DE ENTIDAD CORPORATIVA
Nombre de entidad corporativa o nombre de jurisdicción como elemento de entrada Ateneo de Madrid-
Subdivisión de forma Historia
9 (RLIN) 1925
651 #4 - PUNTO DE ACCESO ADICIONAL DE MATERIA--NOMBRE GEOGRÁFICO
Nombre geográfico Madrid-
Subdivisión de forma Obras ilustradas.
9 (RLIN) 8976
700 1# - ENTRADA AGREGADA--NOMBRE PERSONAL
Nombre de persona Carrión García, Javier.
9 (RLIN) 35809
852 4# - LOCALIZACIÓN
Ubicación ES-MaACL
Número de control de estantería G-2219
Holdings
Estatus retirado Estado de pérdida Estado de daño No para préstamo Colección Biblioteca de origen Biblioteca actual Ubicación en estantería Fecha de adquisición Fuente de adquisición Total de préstamos Signatura topográfica completa Código de barras Visto por última vez Precio de reemplazo Tipo de ítem Koha
        Fondo Ateneo de Madrid Biblioteca del Ateneo de Madrid Biblioteca del Ateneo de Madrid Depósito 2 17/01/2008     G-2219 1017339 23/02/2023 23/02/2023 Libro impreso